Now look what you've done / Stephan Pastis.
Timmy Failure, founder, president, and CEO of the greatest detective agency in town, perhaps the nation, is about to crack the biggest case of his generation: a school competition to find a stolen globe.
Record details
- ISBN: 9780763680145
- ISBN: 0763680141
- Physical Description: 275 pages : illustrations ; 21 cm
- Edition: 1st ed.
- Publisher: Somerville, Mass. : Candlewick Press, 2014.
Content descriptions
| Target Audience Note: | Ages 8-12. |
| Study Program Information Note: | Accelerated Reader 3.8. Accelerated Reader AR Middle Grades 3.8 3.0 quiz: 164047. |
| Awards Note: | A Junior Library Guild Selection. |
Search for related items by subject
| Subject: | Humorous stories. Detective and mystery stories. Schools > Juvenile fiction. Contests > Juvenile fiction. Globes > Juvenile fiction. |
| Genre: | Detective and mystery stories. Mystery and detective stories. Humorous stories. Globes. |
Search for related items by series
Available copies
- 1 of 1 copy available at scottsboropl.
Holds
- 0 current holds with 1 total copy.
Show Only Available Copies
| Location | Call Number / Copy Notes | Barcode | Shelving Location | Status | Due Date |
|---|---|---|---|---|---|
| scottsboropl | JF Pas | 32269001144982 | Juvenile - Fiction | Available | - |
| LDR | 01837nam a22004937a 4500 | ||
|---|---|---|---|
| 001 | 153388 | ||
| 003 | CONS | ||
| 005 | 20200130065543.0 | ||
| 008 | 130628s2014 maua c 000 1 eng d | ||
| 010 | . | ‡a 2013944145 | |
| 020 | . | ‡a9780763680145 ‡q(paperback) | |
| 020 | . | ‡a0763680141 ‡q(paperback) | |
| 035 | . | ‡a(CPomAG)LMN615723 | |
| 042 | . | ‡alccopycat | |
| 050 | 0 | 0. | ‡aPZ7.P269422 ‡bNo 2014 |
| 082 | 0 | 4. | ‡a813.6 ‡222 |
| 100 | 1 | . | ‡aPastis, Stephan. |
| 245 | 1 | 0. | ‡aNow look what you've done / ‡cStephan Pastis. |
| 246 | 3 | . | ‡aNow look what you have done |
| 250 | . | ‡a1st ed. | |
| 260 | . | ‡aSomerville, Mass. : ‡bCandlewick Press, ‡c2014. | |
| 300 | . | ‡a275 pages : ‡billustrations ; ‡c21 cm | |
| 336 | . | ‡atext ‡btxt ‡2rdacontent | |
| 337 | . | ‡aunmediated ‡bn ‡2rdamedia | |
| 338 | . | ‡avolume ‡bnc ‡2rdacarrier | |
| 490 | 1 | . | ‡aTimmy Failure ; ‡v2 |
| 520 | . | ‡aTimmy Failure, founder, president, and CEO of the greatest detective agency in town, perhaps the nation, is about to crack the biggest case of his generation: a school competition to find a stolen globe. | |
| 521 | 1 | . | ‡aAges 8-12. |
| 526 | 0 | . | ‡aAccelerated Reader ‡c3.8. |
| 526 | 8 | . | ‡aAccelerated Reader AR ‡bMiddle Grades ‡c3.8 ‡d3.0 ‡zquiz: 164047. |
| 586 | . | ‡aA Junior Library Guild Selection. | |
| 650 | 0. | ‡aHumorous stories. | |
| 650 | 0. | ‡aDetective and mystery stories. | |
| 650 | 0. | ‡aSchools ‡vJuvenile fiction. | |
| 650 | 0. | ‡aContests ‡vJuvenile fiction. | |
| 650 | 0. | ‡aGlobes ‡vJuvenile fiction. | |
| 655 | 0. | ‡aDetective and mystery stories. | |
| 655 | 1. | ‡aMystery and detective stories. | |
| 655 | 1. | ‡aHumorous stories. | |
| 655 | 7. | ‡aGlobes. ‡2lcgft | |
| 800 | 1 | . | ‡aPastis, Stephan. ‡tTimmy Failure ; ‡v2. |
| 914 | . | ‡aSCP_LP | |
| 959 | . | ‡i32269001144982 ‡lJF Pas ‡aJuvenile - Fiction ‡tPaperback ‡g15.00 | |
| 852 | . | ‡p32269001144982 ‡jJF Pas ‡gJuvenile - Fiction ‡cPaperback ‡y15.00 ‡bSBPL | |
| 901 | . | ‡a153388 ‡bUnknown ‡c153388 ‡tbiblio | |